| 000 | 00611nam a22002297a 4500 | ||
|---|---|---|---|
| 003 | OSt | ||
| 005 | 20140630175246.0 | ||
| 008 | 140630b xxu||||| |||| 00| 0 eng d | ||
| 020 | _a0397512562 | ||
| 040 | _cDNLM | ||
| 082 |
_aQS4 R716h 1997 _bc |
||
| 100 | _4Rosse Cornelius | ||
| 245 | _aHollinshead's Textbook of Anatomy | ||
| 250 | _a5th ed. | ||
| 260 |
_aNew York _bLippincott _c1997 |
||
| 300 |
_axii,902 _bcol.Ill _c28.5cm |
||
| 504 | _aReferences, glossary, index included | ||
| 600 |
_aGaddum-Rosse, Penelope _9158 |
||
| 650 | _2Anatomy | ||
| 700 |
_aGaddum-Rosse, Penelope _9159 |
||
| 942 |
_2z _cO_SHELF |
||
| 999 |
_c49 _d49 |
||